|
|
|
|
| LEADER |
01509nam a2200421 a 4500 |
| 001 |
000772060 |
| 003 |
CZ BrMZK |
| 005 |
20050714124310.0 |
| 007 |
ta |
| 008 |
050426s2005 xr ac gr 000 0 cze d |
| 015 |
|
|
|a cnb001532194
|
| 020 |
|
|
|a 80-7209-700-8
|q (váz.)
|
| 035 |
|
|
|a (OCoLC)83796718
|
| 040 |
|
|
|a BOA001
|b cze
|
| 043 |
|
|
|a e-xr---
|
| 072 |
|
7 |
|a 72/76
|x Výtvarné umění
|2 Konspekt
|9 21
|
| 080 |
|
|
|a 72/76.071.1
|2 MRF
|
| 080 |
|
|
|a 74/76.05
|2 MRF
|
| 080 |
|
|
|a 72/76(437.3)
|2 MRF
|
| 080 |
|
|
|a 7.036/.038
|2 MRF
|
| 080 |
|
|
|a (437.3)
|2 MRF
|
| 080 |
|
|
|a (084.11)
|2 MRF
|
| 100 |
1 |
|
|a Born, Adolf,
|d 1930-2016
|7 jk01012660
|4 art
|4 hnr
|
| 245 |
1 |
4 |
|a Adolf Born :
|b od La Fontaina k Livingstonovi /
|c [redaktorka Jana Steinerová]
|
| 246 |
3 |
0 |
|a Od La Fontaina k Livingstonovi
|
| 260 |
|
|
|a Praha :
|b Slovart,
|c c2005
|
| 300 |
|
|
|a 126 s. :
|b barev. il. a portréty ;
|c 24 x 31 cm
|
| 600 |
1 |
7 |
|a Born, Adolf,
|d 1930-
|7 jk01012660
|2 czenas
|
| 650 |
0 |
7 |
|a výtvarní umělci
|7 ph116709
|z Česko
|2 czenas
|
| 650 |
0 |
7 |
|a knižní ilustrace
|7 ph114931
|z Česko
|y 20.-21. stol.
|2 czenas
|
| 650 |
0 |
7 |
|a české výtvarné umění
|7 ph116865
|y 20.-21. stol.
|2 czenas
|
| 650 |
0 |
7 |
|a moderní umění
|7 ph115340
|z Česko
|2 czenas
|
| 655 |
|
7 |
|a obrazové publikace
|7 fd132947
|2 czenas
|
| 700 |
1 |
|
|a Steinerová, Jana,
|d 1950-
|7 mzk2004252162
|4 red
|
| 910 |
|
|
|a BOA001
|b 4-1151.615
|
| 990 |
|
|
|a BK
|
| 991 |
|
|
|b 200506
|c NOV
|
| 996 |
6 |
|
|b 2610249023
|c 4-1151.615
|l MZK
|r Sklad / do 1 hodiny
|n 1
|p p.v.
|w 000772060
|u 000010
|a 1
|e BOA001
|j MZK50
|s P
|